Library Banner

An encyclopedia of the world's faiths living religions (Record no. 34147)

MARC details
000 -LEADER
fixed length control field 00448nam a2200169Ia 4500
001 - CONTROL NUMBER
control field 34629
008 - FIXED-LENGTH DATA ELEMENTS--GENERAL INFORMATION
fixed length control field 140418s9999 xx 000 0 und d
020 ## - INTERNATIONAL STANDARD BOOK NUMBER
International Standard Book Number 1860641482
040 ## - CATALOGING SOURCE
Transcribing agency PK-LaUMT
082 ## - DEWEY DECIMAL CLASSIFICATION NUMBER
Classification number 291
Item number FIS-E
100 ## - MAIN ENTRY--PERSONAL NAME
Personal name Fisher, Mary Pat
245 #3 - TITLE STATEMENT
Title An encyclopedia of the world's faiths living religions
Statement of responsibility, etc Fisher, Mary Pat
260 ## - PUBLICATION, DISTRIBUTION, ETC. (IMPRINT)
Place of publication, distribution, etc London,UK:
Name of publisher, distributor, etc I. B. Tauris Publishers,
Date of publication, distribution, etc 1997
300 ## - PHYSICAL DESCRIPTION
Extent 464 p.
546 ## - LANGUAGE NOTE
Language note EN
942 ## - ADDED ENTRY ELEMENTS (KOHA)
Koha item type Books
Holdings
Withdrawn status Lost status Damaged status Not for loan Home library Current library Date acquired Total Checkouts Full call number Barcode Date last seen Date checked out Price effective from Koha item type
        UMT Main Campus UMT Main Campus 2014-04-18 2 291 FIS-E 40558 2019-04-30 2019-04-29 2014-05-05 Books